| 000 | 00648nam a2200229 a 4500 | ||
|---|---|---|---|
| 008 | |||
| 020 | _a044307030x(pbk.) | ||
| 049 | _aMAIN | ||
| 090 |
_aRC78.7.D53 _bREN |
||
| 100 | 1 | _aRenton, Peter. | |
| 245 | 1 | 0 |
_aMedical imaging : _ban illustrated colour text/ _cPeter Renton |
| 260 |
_aEdinburgh: _bElsevier, _c2004 |
||
| 300 |
_avii, 134p. : _bcol.ill. , _c29cm |
||
| 500 | _aIncludes index. | ||
| 650 |
_aDigital Imaging _vatlases. |
||
| 650 | 1 | _aMedicine | |
| 907 |
_a.b10257275 _b01-10-09 _c11-11-08 |
||
| 003 | |||
| 005 | 20230123124917.0 | ||
| 040 | _cNUST | ||
| 942 |
_cBOOKS _kRC78.7.D53 _mREN |
||
| 999 |
_c132412 _d132412 |
||